Vista normal
Vista MARC
- Mullins, John
Entrada Personal Name
Número de registros utilizados en: 1
001 - CONTROL NUMBER
- control field: 26459
003 - CONTROL NUMBER IDENTIFIER
- control field: OSt
005 - DATE AND TIME OF LATEST TRANSACTION
- control field: 20161012121430.0
008 - FIXED-LENGTH DATA ELEMENTS
- fixed length control field: 161012|| aca||aabn | a|a d
040 ## - CATALOGING SOURCE
- Original cataloging agency: OSt
- Transcribing agency: OSt
100 ## - HEADING--PERSONAL NAME
- Personal name: Mullins, John
670 ## - SOURCE DATA FOUND
- Source citation: Work cat.: (OSt)1459: Walker Jr, Orville 26457, Marketing estratégico